Bioética. El valor de la vida humana a la luz de la razón y la fe

Guardat en:
Dades bibliogràfiques
Autor principal: Chomali, Fernando (autor)
Format: Llibre
Idioma:anglès
Publicat: Santiago, Chile: Aguilar Chilena de Ediciones S.A; Empresa El Mercurio S.A.P., 2009
Edició:Segunda edición
Matèries:
Etiquetes: Afegir etiqueta
Sense etiquetes, Sigues el primer a etiquetar aquest registre!

MARC

LEADER 00000nam a22000007a 4500
003 CL-VaPUC
005 20240130132700.0
008 220512b2009 ||||| |||| 00| 0 eng d
999 |c 435597  |d 435595 
020 |a 978-956-239-715-5 
040 |c Pontificia Universidad Católica de Valparaíso 
082 7 |a 174.2 CHO 2009  |2 22 
100 1 |a Chomali, Fernando  |e autor  |9 869113 
245 |a Bioética.  |b El valor de la vida humana a la luz de la razón y la fe 
250 |a Segunda edición 
260 |a Santiago, Chile:  |b Aguilar Chilena de Ediciones S.A;  |b Empresa El Mercurio S.A.P.,  |c 2009 
300 |a 338 páginas 
500 |a c1. Donación Biblioteca Curauma. Recibido en GC 19/4/22 c.2. Donación Sr. Guillermo Bustos - Esc. Ingeniería Industrial. MEMO EII Nº02 / 2024- 25-01-2024 
583 |c 20220512  |k Catalogador Asistente 
650 |a Etica médica  |z Chile  |9 870528 
650 |a Derecho a la vida  |z Chile  |9 870529 
650 |a Bioética  |x Aspectos religiosos  |x Iglesia Católica  |9 870530 
942 |2 ddc  |c BK 
952 |0 0  |1 0  |2 ddc  |4 0  |6 174_200000000000000_CHO_2009  |7 0  |8 A  |9 583040  |a BIBCUR  |b BIBCUR  |c GEN  |d 2022-05-12  |e Donación  |i 5651200  |o 174.2 CHO 2009  |p 5651200  |r 2025-04-22  |t 1  |w 2022-05-12  |y BK  |k BIO 
952 |0 0  |1 0  |2 ddc  |4 0  |6 174_200000000000000_CHO_2009  |7 0  |8 A  |9 593474  |a BIBING  |b BIBING  |c GEN  |d 2024-01-30  |e Donación  |i 5660207  |o 174.2 CHO 2009  |p 5660207  |r 2025-01-20  |t 2  |w 2024-01-30  |y BK  |k EII